Les 50... Personnages Dragon Ball #1 - Statistiques

Statistiques générales
  • Ce quiz a été pris 542 fois
  • Le résultat moyen est 32 sur 50
Statistiques - réponses
Par images Réponse % Correct
Kame Sennin
98%
Shenron
97%
Bulma
94%
Krilin
91%
Chi-Chi
90%
Yamcha
90%
Piccolo
89%
Vegeta
89%
Boo
88%
Freezer
88%
Cell
87%
Trunks
86%
C 17
84%
C 18
84%
Mr Satan
82%
Broly
81%
Beerus
80%
Videl
78%
Babidi
77%
Raditz
76%
Son Gohan
76%
Ten Shin Han
76%
Yajirobe
76%
Nappa
75%
Son goku
75%
Bardock
74%
Oolong
72%
Pan
71%
Tao Paï Paï
68%
Dende
67%
Mr.Popo
67%
Chaozu
64%
Pilaf
64%
Son Goten
59%
Bibidi
58%
Champa
58%
Zarbon
53%
Spopovitch
42%
Kaio du Nord
35%
Baba la Voyante
30%
Gyumao
28%
Reacum
28%
Tambourine
26%
General Red
24%
Puerh
24%
Sauzer
24%
Zangya
16%
Kaio Shin de l'Est
15%
Umigame
11%
Toninjinka
8%
Aucun quiz correspondant
Distribution des résultats
% des personnes avec chaque résultat
Percentile par nombre de réponses
Votre historique - résultats
Vous n’avez pas pris ce quiz